000 01300nam a22003377i 4500
003 EG-GICUC
005 20260121101651.0
008 260106s1931 fr ||||fr||| 00|00 ffre d
040 _aEG-GiCUC
_cEG-GiCUC
_dEG-GiCUC
_eRda
082 0 4 _221
_a341.33
_bGE . T
092 0 4 _221
099 _aLaw1 11 341.33 GE . T 1931
100 1 _aGenet, Raoul
_eAuteur
245 1 0 _aTraité De Diplomatie Et De Droit Diplomatique.
_nTome II,
_pL'action Diplomatique : Administrations Centrales. Droit De Légation. Mission Diplomatique. Protocole. Style Diplomatie /
_cRaoul Genet.
264 1 _aParis :
_bA. Pedone,
_c1931.
300 _a651 page ;
_c24 cm.
_billustration ;
336 _2rda contenu
_a texte
337 _2rda medias
_aOrdinateur
338 _2 transporteur rda
_a Ressource en ligne
490 0 _aPublications de la Revue générale de Droit international public ;
_vNuméro 5.
504 _aInclude Bibliographic references
546 _aTexte en français
650 1 4 _aDiplomatie
_xDroit international public
_2qrmak
650 1 4 _aL'action Diplomatique
_2qrmak
650 1 4 _aAdministrations Centrales
_2qrmak
650 1 4 _aDroit De Légation
_2qrmak
651 1 _2qrmak
856 4 0 _uhttps://fll.law.cu.edu.eg/fulltext/bks/B11-06847.pdf
905 _a75
942 _2ddc
_cBK
_e21
_n0
999 _c54773
_d54773